<?xml version="1.0" encoding="UTF-8"?>
<record
    xmlns:xsi="http://www.w3.org/2001/XMLSchema-instance"
    xsi:schemaLocation="http://www.loc.gov/MARC21/slim http://www.loc.gov/standards/marcxml/schema/MARC21slim.xsd"
    xmlns="http://www.loc.gov/MARC21/slim">

  <leader>00372nam a22001457a 4500</leader>
  <datafield tag="999" ind1=" " ind2=" ">
    <subfield code="c">17725</subfield>
    <subfield code="d">17725</subfield>
  </datafield>
  <controlfield tag="008">190611b        xxu||||| |||| 00| 0 eng d</controlfield>
  <datafield tag="020" ind1=" " ind2=" ">
    <subfield code="a">0199214969</subfield>
  </datafield>
  <datafield tag="050" ind1=" " ind2=" ">
    <subfield code="a">K231</subfield>
    <subfield code="b">.W33 2008 c.1</subfield>
  </datafield>
  <datafield tag="100" ind1=" " ind2=" ">
    <subfield code="a">Wacks, Raymond</subfield>
  </datafield>
  <datafield tag="245" ind1=" " ind2=" ">
    <subfield code="a">Law</subfield>
    <subfield code="b">A very short introduction </subfield>
    <subfield code="c">Ramond Wacks</subfield>
  </datafield>
  <datafield tag="260" ind1=" " ind2=" ">
    <subfield code="a">US</subfield>
    <subfield code="b">OUP</subfield>
    <subfield code="c">2008</subfield>
  </datafield>
  <datafield tag="300" ind1=" " ind2=" ">
    <subfield code="a">174p.</subfield>
  </datafield>
  <datafield tag="650" ind1=" " ind2=" ">
    <subfield code="a">Law</subfield>
    <subfield code="v">Philosophy</subfield>
  </datafield>
  <datafield tag="942" ind1=" " ind2=" ">
    <subfield code="2">lcc</subfield>
    <subfield code="c">BK</subfield>
  </datafield>
  <datafield tag="952" ind1=" " ind2=" ">
    <subfield code="0">0</subfield>
    <subfield code="1">0</subfield>
    <subfield code="2">lcc</subfield>
    <subfield code="7">0</subfield>
    <subfield code="a">KABU</subfield>
    <subfield code="b">KABU</subfield>
    <subfield code="d">2019-06-11</subfield>
    <subfield code="g">900.00</subfield>
    <subfield code="l">7</subfield>
    <subfield code="m">1</subfield>
    <subfield code="o">K231 .W33 2008 c.1</subfield>
    <subfield code="p">024755</subfield>
    <subfield code="r">2024-05-22 17:54:59</subfield>
    <subfield code="s">2024-05-18</subfield>
    <subfield code="w">2019-06-11</subfield>
    <subfield code="y">BK</subfield>
  </datafield>
  <datafield tag="952" ind1=" " ind2=" ">
    <subfield code="0">0</subfield>
    <subfield code="1">0</subfield>
    <subfield code="2">lcc</subfield>
    <subfield code="7">0</subfield>
    <subfield code="a">KABU</subfield>
    <subfield code="b">KABU</subfield>
    <subfield code="d">2019-06-11</subfield>
    <subfield code="g">900.00</subfield>
    <subfield code="l">9</subfield>
    <subfield code="o">K231 .W33 2008 c.3</subfield>
    <subfield code="p">027460</subfield>
    <subfield code="r">2025-03-14 19:07:14</subfield>
    <subfield code="s">2025-02-26</subfield>
    <subfield code="w">2019-06-11</subfield>
    <subfield code="y">BK</subfield>
  </datafield>
  <datafield tag="952" ind1=" " ind2=" ">
    <subfield code="0">0</subfield>
    <subfield code="1">0</subfield>
    <subfield code="2">lcc</subfield>
    <subfield code="7">0</subfield>
    <subfield code="a">KABU</subfield>
    <subfield code="b">KABU</subfield>
    <subfield code="d">2019-06-11</subfield>
    <subfield code="g">900.00</subfield>
    <subfield code="l">6</subfield>
    <subfield code="o">K231 .W33 2008 c.4</subfield>
    <subfield code="p">027462</subfield>
    <subfield code="r">2024-05-29 17:24:03</subfield>
    <subfield code="s">2024-05-20</subfield>
    <subfield code="w">2019-06-11</subfield>
    <subfield code="y">BK</subfield>
  </datafield>
  <datafield tag="952" ind1=" " ind2=" ">
    <subfield code="0">0</subfield>
    <subfield code="1">0</subfield>
    <subfield code="2">lcc</subfield>
    <subfield code="7">0</subfield>
    <subfield code="a">KABU</subfield>
    <subfield code="b">KABU</subfield>
    <subfield code="d">2019-06-11</subfield>
    <subfield code="g">900.00</subfield>
    <subfield code="l">10</subfield>
    <subfield code="m">1</subfield>
    <subfield code="o">K231 .W33 2008 c.2</subfield>
    <subfield code="p">024758</subfield>
    <subfield code="r">2026-02-12 14:17:31</subfield>
    <subfield code="s">2026-01-08</subfield>
    <subfield code="w">2019-06-11</subfield>
    <subfield code="y">BK</subfield>
  </datafield>
  <datafield tag="952" ind1=" " ind2=" ">
    <subfield code="0">0</subfield>
    <subfield code="1">0</subfield>
    <subfield code="2">lcc</subfield>
    <subfield code="7">0</subfield>
    <subfield code="a">KABU</subfield>
    <subfield code="b">KABU</subfield>
    <subfield code="d">2019-06-11</subfield>
    <subfield code="g">900.00</subfield>
    <subfield code="l">4</subfield>
    <subfield code="o">K231 .W33 2008 c.5</subfield>
    <subfield code="p">027466</subfield>
    <subfield code="r">2024-05-29 15:54:46</subfield>
    <subfield code="s">2024-05-18</subfield>
    <subfield code="w">2019-06-11</subfield>
    <subfield code="y">BK</subfield>
  </datafield>
</record>
